00799nam a2200253 a 4500001001000000003000900010005001700019007000300036008003300039040003000072082003000102100004100132245006200173250001100235264003500246300002700281336002700308337003300335338002800368490002400396500006300420650003000483650003200513000009492DO-SdBPM20250821120617.0ta090930s1998 dr 000 p spa d aDO-SdBPMbspacBPMSUdrda 4aPR861.44bN682e, 1998222 aNieves Albert, Dalia,d1948-eautora10aEn el diario asombro de lo humano /cDalia Albert Nieves. a2a ed. aSanto Domingo :bGente,c1998. a85 páginas ;c21 cm. atextobtxt2rdacontent asin mediaciónbn2rdamedia avolumenbnc2rdacarrier0 aEspacios culturales aIncluye datos biográficos del autor en la contracubierta 7aPoesía puertorriqueña 7aLiteratura puertorriqueña